000 00406pab a2200157 454500
008 180718b2014 xxu||||| |||| 00| 0 eng d
100 _aSandhu, P.J.S.
245 _aIndia-China boundary issues: Quest for settlement
260 _c2014
300 _ap.645-646.
362 _aOct-Dec
650 _aIndia - Boundaries - China
650 _aBoundary disputes
773 _aUSI Journal
909 _a107290
999 _c107285
_d107285